[Event "Leiden SB-ch"]
[Site "Leiden"]
[Date "2009.06.16"]
[Round "5"]
[White "Straver, Robert"]
[Black "Aalbers, Klaas"]
[Result "1/2-1/2"]
[WhiteElo "2184"]
[BlackElo "1886"]
[PlyCount "86"]
[EventDate "2009.05.19"]
[EventType "swiss"]
[EventRounds "7"]
[EventCountry "NED"]
[SourceTitle "EXT 2012"]
[Source "ChessBase"]
[SourceDate "2011.11.24"]
[SourceVersion "1"]
[SourceVersionDate "2011.11.24"]
[SourceQuality "1"]

1. d4 d5 2. c4 c6 3. e3 e6 4. Nc3 f5 5. g4 fxg4 6. Qxg4 Nf6 7. Qg2 Bd6 8. Bd3 e5 9. cxd5 cxd5 10. dxe5 Bxe5 11. Nf3 Bxc3+ 12. bxc3 Qc7 13. Bd2 0-0 14. Rg1 Nc6 15. c4 Ne4 16. cxd5 Nxd2 17. Nxd2 Ne5 18. Be4 Bf5 19. d6 Bxe4 20. dxc7 Bxg2 21. Rxg2 Rac8 22. Rg5 Rfe8 23. Ke2 Rxc7 24. f4 Ng6 25. f5 Nf4+ 26. Kf3 Nd5 27. Re1 h6 28. Rg4 Rf7 29. e4 Rxf5+ 30. exf5 Rxe1 31. Rd4 Nf6 32. Rd8+ Re8 33. Rd4 Rc8 34. Nc4 Kf8 35. Ne5 b6 36. Ng6+ Kf7 37. Ne5+ Ke8 38. Rd6 Rc7 39. Nc6 Rd7 40. Re6+ Kf8 41. Ne5 Rd5 42. Ng6+ Kf7 43. Re7+ Kg8 1/2-1/2

[Event "Leiden SB-ch"]
[Site "Leiden"]
[Date "2008.06.24"]
[Round "6"]
[White "Kubbenga, Michael"]
[Black "Aalbers, Klaas"]
[Result "1-0"]
[WhiteElo "1936"]
[BlackElo "1882"]
[PlyCount "35"]
[EventDate "2008.05.20"]
[EventType "swiss"]
[EventRounds "7"]
[EventCountry "NED"]
[SourceTitle "EXT 2012"]
[Source "ChessBase"]
[SourceDate "2011.11.24"]
[SourceVersion "1"]
[SourceVersionDate "2011.11.24"]
[SourceQuality "1"]

1. d4 d5 2. c4 c6 3. Nf3 e6 4. Nc3 f5 5. Bf4 Nf6 6. e3 Bd6 7. Bxd6 Qxd6 8. Qc2 0-0 9. Bd3 Ne4 10. g4 Nxf2 11. Qxf2 fxg4 12. Qh4 Rxf3 13. Bxh7+ Kf8 14. Qxg4 Rf6 15. 0-0-0 Na6 16. Rhg1 Qe7 17. Bg6 e5 18. Qh5 1-0

[Event "Leiden SB-ch"]
[Site "Leiden"]
[Date "2008.06.03"]
[Round "3"]
[White "Otten, Martijn"]
[Black "Aalbers, Klaas"]
[Result "0-1"]
[WhiteElo "1796"]
[BlackElo "1882"]
[PlyCount "84"]
[EventDate "2008.05.20"]
[EventType "swiss"]
[EventRounds "7"]
[EventCountry "NED"]
[SourceTitle "EXT 2012"]
[Source "ChessBase"]
[SourceDate "2011.11.24"]
[SourceVersion "1"]
[SourceVersionDate "2011.11.24"]
[SourceQuality "1"]

1. d4 d5 2. c4 c6 3. Nc3 e6 4. Bf4 f5 5. e3 Nf6 6. Nf3 Bd6 7. Bxd6 Qxd6 8. Qb3 Nbd7 9. c5 Qe7 10. Qa4 Ne4 11. Bd3 0-0 12. Rb1 g5 13. h3 e5 14. Bc2 exd4 15. Nxd4 Ndxc5 16. Qa3 Re8 17. Nxe4 Nxe4 18. Qxe7 Rxe7 19. Bxe4 Rxe4 20. Kd2 Bd7 21. f3 Re7 22. b4 Rae8 23. Rhe1 Kf7 24. Re2 Kf6 25. g3 Ke5 26. Rf1 f4 27. Kd3 fxg3 28. Rg1 Kf6 29. Rxg3 h5 30. f4 g4 31. Reg2 h4 32. Nxc6 bxc6 33. Rxg4 Bxg4 34. Rxg4 Rxe3+ 35. Kd4 Rxh3 36. Rg5 Re4+ 37. Kc5 Rc3+ 38. Kd6 Rxf4 39. Rh5 Rxb4 40. a3 Rxa3 41. Kxc6 Rc3+ 42. Kxd5 Rb5+ 0-1

[Event "Leiden SB-ch"]
[Site "Leiden"]
[Date "2007.06.26"]
[Round "7"]
[White "Aalbers, Klaas"]
[Black "Irwin, Mark"]
[Result "0-1"]
[WhiteElo "1827"]
[BlackElo "2280"]
[PlyCount "52"]
[EventDate "2007.05.15"]
[EventType "swiss"]
[EventRounds "7"]
[EventCountry "NED"]
[SourceTitle "EXT 2012"]
[Source "ChessBase"]
[SourceDate "2011.11.24"]
[SourceVersion "1"]
[SourceVersionDate "2011.11.24"]
[SourceQuality "1"]

1. e4 c5 2. d4 cxd4 3. c3 dxc3 4. Nxc3 e6 5. Nf3 Ne7 6. Bd3 Ng6 7. 0-0 Be7 8. Qe2 0-0 9. Rd1 d6 10. Be3 Nc6 11. Rac1 Bd7 12. Bb1 Qb8 13. a3 Rc8 14. Qb5 Nce5 15. Qe2 Nc4 16. Bd3 Nxe3 17. Qxe3 b5 18. b4 a6 19. h4 Qa7 20. Qxa7 Rxa7 21. e5 Nxe5 22. Nxe5 dxe5 23. Ne4 Rac7 24. Rb1 f5 25. Nd6 Bxd6 26. Bxf5 exf5 0-1

[Event "Leiden SB-ch"]
[Site "Leiden"]
[Date "2007.06.12"]
[Round "5"]
[White "Aalbers, Klaas"]
[Black "Landheer, Ronald"]
[Result "0-1"]
[WhiteElo "1827"]
[BlackElo "1701"]
[PlyCount "104"]
[EventDate "2007.05.15"]
[EventType "swiss"]
[EventRounds "7"]
[EventCountry "NED"]
[SourceTitle "EXT 2012"]
[Source "ChessBase"]
[SourceDate "2011.11.24"]
[SourceVersion "1"]
[SourceVersionDate "2011.11.24"]
[SourceQuality "1"]

1. e4 e6 2. d4 d5 3. Be3 dxe4 4. f3 Nf6 5. Nd2 Nd5 6. Qe2 c5 7. c3 Nxe3 8. Qxe3 cxd4 9. cxd4 Nc6 10. Bb5 Bb4 11. fxe4 Bxd2+ 12. Qxd2 Qh4+ 13. Qf2 Qxe4+ 14. Qe2 Qxe2+ 15. Nxe2 Bd7 16. 0-0 0-0 17. Rad1 a6 18. Ba4 b5 19. Bc2 Rad8 20. Be4 Ne7 21. Rc1 Rc8 22. Rc5 Bc6 23. Bxc6 Rxc6 24. Rfc1 Rfc8 25. b4 Kf8 26. Nf4 Ke8 27. Kf2 Rxc5 28. dxc5 Nc6 29. a4 Rd8 30. axb5 axb5 31. Ra1 Nxb4 32. Ra7 Rc8 33. Nh5 Nd3+ 34. Ke3 Nxc5 35. Nxg7+ Kf8 36. Nh5 b4 37. Ra5 Ke7 38. Ra7+ Nd7 39. Rb7 Rb8 40. Rxb8 Nxb8 41. Kd4 Nc6+ 42. Kc4 e5 43. Ng3 Ke6 44. Ne4 f5 45. Ng5+ Kd6 46. Nxh7 e4 47. Ng5 Ke5 48. h4 Kf4 49. Ne6+ Kg4 50. g3 e3 51. Nc5 Kxg3 52. h5 e2 0-1

[Event "Leiden SB-ch"]
[Site "Leiden"]
[Date "2007.06.05"]
[Round "4"]
[White "Aalbers, Klaas"]
[Black "Vreugdenhil, Frans"]
[Result "1-0"]
[WhiteElo "1827"]
[BlackElo "1944"]
[PlyCount "47"]
[EventDate "2007.05.15"]
[EventType "swiss"]
[EventRounds "7"]
[EventCountry "NED"]
[SourceTitle "EXT 2012"]
[Source "ChessBase"]
[SourceDate "2011.11.24"]
[SourceVersion "1"]
[SourceVersionDate "2011.11.24"]
[SourceQuality "1"]

1. e4 e5 2. f4 exf4 3. Nf3 g5 4. Bc4 g4 5. d4 gxf3 6. Qxf3 d5 7. Bxd5 Nf6 8. Qxf4 Nxd5 9. exd5 Qxd5 10. Nc3 Bb4 11. Bd2 Bxc3 12. Bxc3 Qd6 13. Qf3 Qe6+ 14. Kd2 Qh6+ 15. Kd3 Qg6+ 16. Kd2 Qg5+ 17. Kd3 Qf5+ 18. Kd2 Qxf3 19. gxf3 Bf5 20. Rae1+ Kd7 21. Re5 Bg6 22. Rhe1 Nc6 23. Rb5 Rhe8 24. Rd5+ 1-0

[Event "Leiden SB-ch"]
[Site "Leiden"]
[Date "2007.05.15"]
[Round "1"]
[White "Wantola, Ivo"]
[Black "Aalbers, Klaas"]
[Result "1-0"]
[WhiteElo "2184"]
[BlackElo "1827"]
[PlyCount "67"]
[EventDate "2007.05.15"]
[EventType "swiss"]
[EventRounds "7"]
[EventCountry "NED"]
[SourceTitle "EXT 2012"]
[Source "ChessBase"]
[SourceDate "2011.11.24"]
[SourceVersion "1"]
[SourceVersionDate "2011.11.24"]
[SourceQuality "1"]

1. Nf3 d5 2. d4 e6 3. c4 c6 4. Qc2 f5 5. Bf4 Nf6 6. e3 Bd6 7. Bxd6 Qxd6 8. c5 Qe7 9. Ne5 Nbd7 10. Nxd7 Bxd7 11. Nd2 e5 12. dxe5 Qxe5 13. Be2 0-0 14. 0-0 Rae8 15. Bd3 Ne4 16. f4 Qe7 17. Bxe4 fxe4 18. Nb3 Rf6 19. Nd4 Ref8 20. Rf2 g5 21. Raf1 gxf4 22. Rxf4 Rxf4 23. Rxf4 Rxf4 24. exf4 Qf6 25. Qf2 b6 26. b4 bxc5 27. bxc5 Qf8 28. Qh4 Bf5 29. Qg5+ Bg6 30. Ne6 Qb8 31. Qf6 Qb1+ 32. Kf2 e3+ 33. Kg3 Qf1 34. Kh3 1-0

[Event "Leiden SB-ch"]
[Site "Leiden"]
[Date "2006.06.20"]
[Round "6"]
[White "Zwaan, Gert Jan"]
[Black "Aalbers, Klaas"]
[Result "0-1"]
[WhiteElo "1516"]
[BlackElo "1793"]
[PlyCount "72"]
[EventDate "2006.05.16"]
[EventType "swiss"]
[EventRounds "7"]
[EventCountry "NED"]
[SourceTitle "EXT 2012"]
[Source "ChessBase"]
[SourceDate "2011.11.24"]
[SourceVersion "1"]
[SourceVersionDate "2011.11.24"]
[SourceQuality "1"]

1. e4 e5 2. Nf3 f5 3. exf5 Bc5 4. Bc4 d5 5. Bb3 Nc6 6. Qe2 e4 7. d3 Bxf5 8. Bg5 Be7 9. Bxe7 Qxe7 10. Bxd5 exf3 11. Qxe7+ Ngxe7 12. Bxf3 Nd4 13. Na3 Nxf3+ 14. gxf3 Nc6 15. 0-0-0 0-0-0 16. Kb1 Rhe8 17. Nc4 Re2 18. Ne3 Bg6 19. Rhf1 Rf8 20. Rde1 Rxe1+ 21. Rxe1 Rxf3 22. Rf1 Nd4 23. Nd5 Nc6 24. a3 Rxd3 25. Nf4 Rd2 26. Nxg6 hxg6 27. c3 Re2 28. h4 Re6 29. Rg1 Rf6 30. Rg2 Ne5 31. Kc2 Kd7 32. Kd2 Nf3+ 33. Ke3 Nxh4 34. Rh2 Nf5+ 35. Ke2 Rd6 36. b4 Ra6 0-1

[Event "Leiden SB-ch"]
[Site "Leiden"]
[Date "2006.05.30"]
[Round "3"]
[White "Geertsma, Folkert Jan"]
[Black "Aalbers, Klaas"]
[Result "1/2-1/2"]
[WhiteElo "1858"]
[BlackElo "1793"]
[PlyCount "27"]
[EventDate "2006.05.16"]
[EventType "swiss"]
[EventRounds "7"]
[EventCountry "NED"]
[SourceTitle "EXT 2012"]
[Source "ChessBase"]
[SourceDate "2011.11.24"]
[SourceVersion "1"]
[SourceVersionDate "2011.11.24"]
[SourceQuality "1"]

1. c4 c6 2. d4 d5 3. cxd5 cxd5 4. Nc3 e6 5. Bf4 a6 6. a3 f5 7. e3 Nf6 8. Nf3 Bd6 9. Bxd6 Qxd6 10. Ne5 Bd7 11. Be2 0-0 12. f4 Qe7 13. 0-0 Nc6 14. Rc1 1/2-1/2

[Event "Leiden SB-chB"]
[Site "Leiden"]
[Date "2004.07.07"]
[Round "7"]
[White "De Bode, Christian"]
[Black "Aalbers, Klaas"]
[Result "1-0"]
[WhiteElo "1826"]
[BlackElo "1780"]
[PlyCount "107"]
[EventDate "2004.05.19"]
[EventType "swiss"]
[EventRounds "7"]
[EventCountry "NED"]
[SourceTitle "EXT 2012"]
[Source "ChessBase"]
[SourceDate "2011.11.24"]
[SourceVersion "1"]
[SourceVersionDate "2011.11.24"]
[SourceQuality "1"]

1. g3 d5 2. Bg2 c6 3. d3 e6 4. Nd2 f5 5. e4 Bd6 6. exf5 exf5 7. f4 Nf6 8. Qe2+ Qe7 9. Qxe7+ Kxe7 10. Ngf3 Re8 11. 0-0 Kf8 12. Nb3 Nbd7 13. Bd2 Bc7 14. Rfe1 Bb6+ 15. Kf1 a5 16. Rxe8+ Kxe8 17. Re1+ Kf8 18. Nbd4 Bxd4 19. Nxd4 g6 20. Ne6+ Kg8 21. Bc3 b5 22. Nd8 c5 23. Re6 Ra6 24. Rxa6 Bxa6 25. Bxa5 b4 26. a3 bxa3 27. bxa3 Kf8 28. Ne6+ Ke7 29. Nc7 Bb7 30. c4 Kd6 31. cxd5 Bxd5 32. Nxd5 Nxd5 33. Ke2 N5b6 34. h3 c4 35. Bb4+ Ke6 36. dxc4 Nxc4 37. Kd3 Ncb6 38. Kd4 Kf6 39. Bc6 g5 40. a4 Nb8 41. Bb5 gxf4 42. gxf4 Ke6 43. a5 Nd5 44. Bc4 Nc6+ 45. Kc5 Ncxb4 46. h4 h5 47. Be2 Nxf4 48. Kxb4 Kd6 49. Bf3 Kc7 50. Kb5 Ne6 51. Bd5 Nf8 52. a6 Kb8 53. Kc6 Ng6 54. Kb6 1-0

[Event "Leiden SB-chB"]
[Site "Leiden"]
[Date "2004.06.09"]
[Round "4"]
[White "Aalbers, Klaas"]
[Black "Gorter, Yme"]
[Result "1-0"]
[WhiteElo "1780"]
[BlackElo "1774"]
[PlyCount "61"]
[EventDate "2004.05.19"]
[EventType "swiss"]
[EventRounds "7"]
[EventCountry "NED"]
[SourceTitle "EXT 2012"]
[Source "ChessBase"]
[SourceDate "2011.11.24"]
[SourceVersion "1"]
[SourceVersionDate "2011.11.24"]
[SourceQuality "1"]

1. e4 e5 2. f4 Bc5 3. Nf3 d6 4. Nc3 Nf6 5. Bc4 Ng4 6. Ng5 h6 7. Nxf7 Qh4+ 8. g3 Qh3 9. Qe2 Bf2+ 10. Kd1 Bxg3 11. Rf1 Nxh2 12. f5 Rf8 13. Rg1 Ng4 14. Qf3 Nf2+ 15. Ke2 Bh4 16. Qxh3 Nxh3 17. Rxg7 Bf6 18. Rh7 Nf4+ 19. Kf3 Nc6 20. Nb5 Rg8 21. Nfxd6+ cxd6 22. Bxg8 Kf8 23. Bb3 Bg7 24. f6 Bxf6 25. Rf7+ Ke8 26. Rxf6 a6 27. Nc7+ Ke7 28. Rf7+ Kd8 29. Nxa8 Nd4+ 30. Ke3 Ng2+ 31. Kf2 1-0

[Event "Leiden SB-ch"]
[Site "Leiden"]
[Date "2003.06.10"]
[Round "4"]
[White "Siero, Paul"]
[Black "Aalbers, Klaas"]
[Result "0-1"]
[WhiteElo "1150"]
[BlackElo "1753"]
[PlyCount "64"]
[EventDate "2003.05.20"]
[EventType "swiss"]
[EventRounds "7"]
[EventCountry "NED"]
[SourceTitle "CBM 095 Extra"]
[Source "ChessBase"]
[SourceDate "2003.09.04"]
[SourceVersion "1"]
[SourceVersionDate "2003.09.04"]
[SourceQuality "1"]

1. e4 e5 2. Nf3 f5 3. Nxe5 Qf6 4. d4 d6 5. Nc4 fxe4 6. Nc3 Qg6 7. Bf4 Nf6 8. g3 Be7 9. Qd2 0-0 10. 0-0-0 Nh5 11. Bg2 Nxf4 12. Bxe4 Qh6 13. gxf4 Qxf4 14. f3 c6 15. d5 c5 16. Rdg1 Bd7 17. Kb1 b5 18. Qg2 Bf6 19. Qg3 Qxg3 20. hxg3 bxc4 21. Bxh7+ Kf7 22. f4 Bxc3 23. bxc3 Na6 24. Re1 Rae8 25. Be4 Re7 26. f5 Rfe8 27. Rh4 Kf6 28. Rf4 Nc7 29. Rg4 Bxf5 30. Rf1 Rxe4 31. Rxe4 Rxe4 32. Rg1 Nxd5 0-1